[Event "Queen Gambit (1600 - 2100)"]
[Site "SchemingMind.com"]
[Date "2008.01.01"]
[Round "-"]
[White "schakert"]
[Black "TRFz"]
[Result "1/2-1/2"]
[WhiteCountry "NED"]
[BlackCountry "GBR"]
[WhiteElo "1880"]
[WhiteRD "72"]
[BlackElo "2012"]
[BlackRD "69"]
[GameID "135786"]

1. d4 d5 2. c4 c6 3. Nf3 Nf6 4. e3 g6 5. cxd5 Nxd5 6. Bc4 Bg7 7. Nc3 Nxc3 8. bxc3 O-O 9. O-O Nd7 10. e4 c5
11. Be3 Nb6 12. Be2 cxd4 13. cxd4 Bg4 14. h3 Bxf3 15. Bxf3 e5 16. dxe5 Bxe5 17. Bc5 Bxa1 18. Bxf8 Be5 19. Qxd8 Rxd8 20. Bc5 Rd2
21. a3 Nc4 22. Rc1 b5 23. a4 Bb2 24. Rd1 bxa4 25. Be3 Rxd1+ 26. Bxd1 a3 27. Bb3 Nxe3 28. fxe3 Kg7 29. Kf2 Kf6 30. Ke2 h5
31. Ba2 h4 32. Kd3 g5 33. Bd5 Be5 34. Bb3 Kg7 35. Ba2 Kf6 36. Bb3 Ke7 37. Ba2 f6 38. Bd5 Kd6 39. Bf7 Bg3 40. Ba2 Ke5
41. Bf7 Kd6 42. Kc2 Bf2 43. Bh5 Ke5 44. Bf3= Bxe3 45. Kb3 Bc5 46. Ka2 a5 47. Kb1 Kf4 48. Ka2 Kg3 49. Kb1 g4 50. Bxg4 Kxg2=
1/2-1/2

[Event "Queen Gambit (1600 - 2100)"]
[Site "SchemingMind.com"]
[Date "2008.01.01"]
[Round "-"]
[White "kisei"]
[Black "schakert"]
[Result "1-0"]
[WhiteCountry "HUN"]
[BlackCountry "NED"]
[WhiteElo "2098"]
[WhiteRD "70"]
[BlackElo "1802"]
[BlackRD "78"]
[GameID "135788"]

1. d4 d5 2. c4 e6 3. Nc3 Nf6 4. Bg5 Bb4 5. Nf3 c5 6. dxc5 Bxc5 7. cxd5 Qb6 8. e3 Nxd5 9. Nxd5 exd5 10. Bd3 Qxb2
11. O-O O-O 12. Rc1 Bd6 13. Bxh7+ Kxh7 14. Qxd5 Qb6 15. Rxc8 Rxc8 16. Qf5+ Kg8 17. Qxc8+ Kh7 18. Rc1
1-0

[Event "Queen Gambit (1600 - 2100)"]
[Site "SchemingMind.com"]
[Date "2008.01.02"]
[Round "-"]
[White "javilez"]
[Black "schakert"]
[Result "1-0"]
[WhiteCountry "NCA"]
[BlackCountry "NED"]
[WhiteElo "1730"]
[WhiteRD "70"]
[BlackElo "1840"]
[BlackRD "77"]
[GameID "135789"]

1. d4 d5 2. c4 e6 3. Nc3 Nf6 4. Bg5 Be7 5. Nf3 h6 6. Bh4 Nbd7 7. e3 c5 8. cxd5 exd5 9. dxc5 Qa5 10. a3 Qxc5
11. Rc1 Qa5 12. Be2 g5 13. Bg3 a6 14. O-O O-O 15. h4 Rd8 16. hxg5 hxg5 17. Nxg5 d4 18. Nce4 dxe3 19. fxe3 Nd5 20. Bf4 Nxf4
21. exf4 Nf6 22. Qc2 Bf5 23. Qc4 Nd5 24. Bh5 Qb6+ 25. Kh1 Qh6 26. Qe2 Bg6 27. g4 f5 28. Ng3 Nxf4 29. Qxe7 Re8 30. Qf6 Rf8
31. Qd6 fxg4 32. Rxf4 Be4+ 33. N5xe4 Qxf4 34. Qxf4 Rxf4 35. Rc7 Raf8 36. Kg2 Rb8 37. Ng5
1-0

[Event "Queen Gambit (1600 - 2100)"]
[Site "SchemingMind.com"]
[Date "2007.12.31"]
[Round "-"]
[White "baobab"]
[Black "schakert"]
[Result "0-1"]
[WhiteCountry "ITA"]
[BlackCountry "NED"]
[WhiteElo "1684"]
[WhiteRD "73"]
[BlackElo "1880"]
[BlackRD "72"]
[GameID "135790"]

1. d4 d5 2. c4 e6 3. Bf4 g5 4. Bd2 Bg7 5. e3 Nf6 6. Nc3 Bd7 7. Rc1 Nc6 8. cxd5 exd5 9. h3 Ne4 10. Nxd5 O-O
11. Bd3 Bf5 12. Qc2 Qxd5 13. f3 Nxd2 14. Qxd2 Bxd3 15. Qxd3 Qxa2 16. Ne2 Nb4 17. Qb5 Qb3 18. Rc3 Nc2+ 19. Rxc2 Qxb5
0-1

[Event "Queen Gambit (1600 - 2100)"]
[Site "SchemingMind.com"]
[Date "2008.01.03"]
[Round "-"]
[White "Manuel Angel"]
[Black "schakert"]
[Result "1-0"]
[WhiteCountry "ESP"]
[BlackCountry "NED"]
[WhiteElo "1828"]
[WhiteRD "78"]
[BlackElo "1802"]
[BlackRD "78"]
[GameID "135791"]

1. d4 d5 2. c4 e6 3. Nc3 Nf6 4. Nf3 Bb4 5. e3 c5 6. Bd3 cxd4 7. exd4 dxc4 8. Bxc4 O-O 9. O-O Nbd7 10. Qb3 Bxc3
11. bxc3 b6 12. Ba3 Re8 13. Bb5 Bb7 14. Ne5 Nxe5 15. dxe5 Ne4 16. Bxe8 Nd2 17. Qa4 Qg5 18. Bc6
1-0

[Event "Queen Gambit (1600 - 2100)"]
[Site "SchemingMind.com"]
[Date "2008.01.03"]
[Round "-"]
[White "andy146"]
[Black "schakert"]
[Result "0-1"]
[WhiteCountry "POL"]
[BlackCountry "NED"]
[WhiteElo "1770"]
[WhiteRD "82"]
[BlackElo "1880"]
[BlackRD "72"]
[GameID "135792"]

1. d4 d5 2. c4 e6 3. Nc3 Nf6 4. Nf3 Bb4 5. a3 Bxc3+ 6. bxc3 c6 7. e3 Qa5 8. Qc2 c5 9. Bd3 dxc4 10. Bxc4 cxd4
11. exd4 b5 12. Bb3 Bb7 13. Bg5 Nbd7 14. Qd3 O-O 15. O-O Nd5 16. Rfc1 Qc7 17. Qxb5 Rab8 18. Bxd5 Bxd5 19. Qd3 Nb6 20. Bd2 f6
21. Re1 Nc4 22. Bc1 Rb3 23. Nd2 Nxd2 24. Bxd2 Rfb8 25. Rec1 Bc4 26. Qe4 Qa5 27. a4 Qh5 28. Bf4 Bd5 29. Qe3 Rc8 30. Rc2 Qg6
0-1

[Event "Queen Gambit (1600 - 2100)"]
[Site "SchemingMind.com"]
[Date "2007.12.31"]
[Round "-"]
[White "TRFz"]
[Black "schakert"]
[Result "1/2-1/2"]
[WhiteCountry "GBR"]
[BlackCountry "NED"]
[WhiteElo "2012"]
[WhiteRD "69"]
[BlackElo "1880"]
[BlackRD "72"]
[GameID "135793"]

1. d4 d5 2. c4 e6 3. Nc3 Nf6 4. Bg5 Bb4 5. Nf3 O-O 6. e3 h6 7. Bh4 c6 8. Bd3 Qa5 9. Qc2 dxc4 10. Bxc4 Nbd7
11. O-O c5 12. a3 Bxc3 13. bxc3 b5 14. Be2 cxd4 15. cxd4 Bb7 16. Bg3 Rac8 17. Qb2 a6 18. Rfc1 Nd5 19. Nd2 Nc3 20. Bd3 Na4
21. Qb4 Qxb4 22. axb4 f5 23. Nb3 g5 24. Bd6 Rxc1+ 25. Rxc1 Rc8 26. Rxc8+ Bxc8 27. Nc5 Ndxc5 28. dxc5 Nb2 29. Bc2 Bb7 30. f3 Kf7
31. Kf2 Nc4 32. e4 fxe4 33. fxe4 Nxd6 34. cxd6 e5 35. Kf3 Bc8 36. Bb3+ Ke8 37. Bd5 h5 38. h3 Kd8 39. Bf7=
1/2-1/2

[Event "Queen Gambit (1600 - 2100)"]
[Site "SchemingMind.com"]
[Date "2008.01.07"]
[Round "-"]
[White "imhotep"]
[Black "kisei"]
[Result "0-1"]
[WhiteCountry "HUN"]
[BlackCountry "HUN"]
[WhiteElo "1821"]
[WhiteRD "82"]
[BlackElo "2115"]
[BlackRD "70"]
[GameID "135983"]

1. d4 d5 2. c4 e6 3. Nf3 Nf6 4. g3 Be7 5. Bg2 O-O 6. O-O dxc4 7. Qc2 c5 8. Qxc4 cxd4 9. Nxd4 e5 10. Nb5 Nc6
11. Bxc6 Be6 12. Qc2 bxc6 13. N5c3 Qd4 14. Be3 Qb4 15. Nd2 Nd5 16. Nxd5 Bxd5 17. a3 Qb5 18. Rfe1 a5 19. Rab1 f5 20. f4 exf4
21. Bxf4 Rae8 22. b4 axb4 23. axb4 Bxb4 24. Bd6 Rxe2 25. Rxe2 Qxe2 26. Bxb4 Qg2#
0-1

[Event "Queen Gambit (1600 - 2100)"]
[Site "SchemingMind.com"]
[Date "2008.01.03"]
[Round "-"]
[White "imhotep"]
[Black "javilez"]
[Result "1-0"]
[WhiteCountry "HUN"]
[BlackCountry "NCA"]
[WhiteElo "1805"]
[WhiteRD "80"]
[BlackElo "1569"]
[BlackRD "68"]
[GameID "135984"]

1. d4 d5 2. c4 c6 3. cxd5 cxd5 4. Nc3 e6 5. Bf4 Nf6 6. e3 Nc6 7. Bd3 Bb4 8. Rc1 Bd7 9. Nf3 O-O 10. O-O Rc8
11. a3 Ba5 12. b4 Bc7 13. Bxc7 Qxc7 14. Nxd5 Nxd5 15. b5 Qd6 16. bxc6 Bxc6 17. Ne5 a6 18. Nxc6 Rxc6 19. Rxc6 Qxc6 20. Qb1 Rc8
21. Bxh7+ Kh8 22. h3 Nc3 23. Qd3 Rd8 24. Kh1 e5 25. Rc1 exd4 26. exd4 Qh6 27. Rxc3 Qxh7 28. Qxh7+ Kxh7 29. Rc7 Rxd4 30. Rxb7 Ra4
31. Rxf7 Rxa3 32. Ra7 Ra1+ 33. Kh2 a5 34. f4
1-0

[Event "Queen Gambit (1600 - 2100)"]
[Site "SchemingMind.com"]
[Date "2008.01.02"]
[Round "-"]
[White "imhotep"]
[Black "baobab"]
[Result "1-0"]
[WhiteCountry "HUN"]
[BlackCountry "ITA"]
[WhiteElo "1822"]
[WhiteRD "82"]
[BlackElo "1655"]
[BlackRD "76"]
[GameID "135985"]

1. d4 d5 2. c4 c6 3. cxd5 cxd5 4. Nc3 Nf6 5. Bf4 e6 6. e3 Bb4 7. Nf3 Qa5 8. Qb3 Nc6 9. Bb5 O-O 10. O-O a6
11. Bxc6 bxc6 12. a3 Be7 13. Na4 c5 14. Nxc5 Bxc5 15. dxc5 Qxc5 16. Rfc1 Qa5 17. Qd1 Bd7 18. b4 Qd8 19. Rc7 a5 20. Rac1 axb4
21. axb4 Ne4 22. Ne5 Ba4 23. Qh5 Nf6 24. Qh4 Bb3 25. Bg5 Bc4 26. Rd7 Nxd7 27. Bxd8 Nxe5 28. Bg5 Ra2 29. Qg3 Nd3 30. Rf1 Rb2
31. Bf6 g6 32. Bxb2 Nxb2 33. Rb1 Nd3 34. b5 Ra8 35. b6 Nc5 36. h4
1-0

[Event "Queen Gambit (1600 - 2100)"]
[Site "SchemingMind.com"]
[Date "2008.01.03"]
[Round "-"]
[White "imhotep"]
[Black "schakert"]
[Result "0-1"]
[WhiteCountry "HUN"]
[BlackCountry "NED"]
[WhiteElo "1849"]
[WhiteRD "85"]
[BlackElo "1880"]
[BlackRD "72"]
[GameID "135986"]

1. d4 d5 2. c4 e6 3. Nc3 Nf6 4. cxd5 exd5 5. Bg5 h6 6. Bxf6 gxf6 7. e3 Bb4 8. Qb3 Bxc3+ 9. Qxc3 Bf5 10. Nf3 O-O
11. Be2 Nd7 12. O-O c6 13. b4 Qb6 14. a4 a5 15. bxa5 Qxa5 16. Qb2 Qc7 17. a5 Rfb8 18. Rfc1 Rxa5 19. Nd2 Rba8 20. Rxa5 Rxa5
21. Nb3 Ra7 22. Ra1 Qb6 23. Ra3 Kg7 24. Qa2 Rxa3 25. Qxa3 Bc2 26. Nd2 c5 27. dxc5 Qxc5 28. Nf3 Qxa3
0-1

[Event "Queen Gambit (1600 - 2100)"]
[Site "SchemingMind.com"]
[Date "2008.01.04"]
[Round "-"]
[White "imhotep"]
[Black "Manuel Angel"]
[Result "0-1"]
[WhiteCountry "HUN"]
[BlackCountry "ESP"]
[WhiteElo "1805"]
[WhiteRD "80"]
[BlackElo "1967"]
[BlackRD "73"]
[GameID "135987"]

1. d4 d5 2. c4 c6 3. cxd5 cxd5 4. Nc3 Nf6 5. Bf4 Bf5 6. e3 e6 7. Nf3 Nc6 8. Bb5 Bd6 9. Bxd6 Qxd6 10. Qa4 O-O
11. O-O Bg4 12. Nd2 Ne7 13. h3 Bf5 14. b4 a6 15. Be2 Rfc8 16. Rfc1 h6 17. a3 Nc6 18. Qd1 a5 19. b5 Ne7 20. Nb3 b6
21. Na4 Rab8 22. Rxc8+ Rxc8 23. Bd3 Bxd3 24. Qxd3 Rc4 25. Nb2 Rc7 26. f3 Qg3 27. Nd2 Nf5 28. Nf1 Qg5 29. g4 Nd6 30. Nd2 e5
31. Na4 exd4 32. exd4 Qf4 33. Kg2 Nxb5 34. Nb3 Rc4 35. Nxb6 Rc3
0-1

[Event "Queen Gambit (1600 - 2100)"]
[Site "SchemingMind.com"]
[Date "2008.01.04"]
[Round "-"]
[White "imhotep"]
[Black "andy146"]
[Result "0-1"]
[WhiteCountry "HUN"]
[BlackCountry "POL"]
[WhiteElo "1822"]
[WhiteRD "82"]
[BlackElo "1805"]
[BlackRD "79"]
[GameID "135988"]

1. d4 d5 2. c4 c6 3. cxd5 cxd5 4. Nc3 Nf6 5. Bf4 e6 6. e3 Be7 7. Bd3 O-O 8. Nf3 Nc6 9. O-O Nb4 10. Bb1 b6
11. a3 Nc6 12. Ne5 Bb7 13. g4 Nxe5 14. dxe5 Nd7 15. g5 Bxg5 16. Qh5 h6 17. Ne2 Ba6 18. Re1 Bxe2 19. Rxe2 Bxf4 20. exf4 Rc8
21. Re3 Rc1+ 22. Kg2 Kh8 23. Rg3 Qe7 24. a4 Qb4 25. Raa3 Rxb1
0-1

[Event "Queen Gambit (1600 - 2100)"]
[Site "SchemingMind.com"]
[Date "2008.01.03"]
[Round "-"]
[White "imhotep"]
[Black "TRFz"]
[Result "0-1"]
[WhiteCountry "HUN"]
[BlackCountry "GBR"]
[WhiteElo "1822"]
[WhiteRD "82"]
[BlackElo "2068"]
[BlackRD "62"]
[GameID "135989"]

1. d4 d5 2. c4 c6 3. Nc3 Nf6 4. Nf3 dxc4 5. a4 Bf5 6. Ne5 e6 7. Bg5 h6 8. Bxf6 Qxf6 9. e4 Bh7 10. Bxc4 Bb4
11. Qe2 O-O 12. O-O Rd8 13. Rad1 Nd7 14. f4 c5 15. Nxf7 Bxc3 16. bxc3 Qxf7 17. f5 Qe7 18. fxe6 Nb6 19. Rf7 Qg5 20. Rxb7 Nxc4
21. Qxc4 Bxe4 22. e7+ Bd5 23. exd8=Q+ Rxd8 24. Qe2 Bxb7
0-1

[Event "Queen Gambit (1600 - 2100)"]
[Site "SchemingMind.com"]
[Date "2008.01.06"]
[Round "-"]
[White "kisei"]
[Black "imhotep"]
[Result "1-0"]
[WhiteCountry "HUN"]
[BlackCountry "HUN"]
[WhiteElo "2093"]
[WhiteRD "71"]
[BlackElo "1805"]
[BlackRD "80"]
[GameID "135991"]

1. d4 d5 2. c4 dxc4 3. Nf3 Nf6 4. Nc3 c6 5. a4 e6 6. e3 Bb4 7. Bxc4 O-O 8. O-O Nbd7 9. Qb3 Qe7 10. e4 a5
11. e5 Nd5 12. Bg5 Qe8 13. Bd3 h6 14. Bd2 b6 15. Nxd5 Bxd2 16. Nc7 Qd8 17. Nxa8 Bb4 18. Rfd1 Bb7 19. Nxb6 Qxb6 20. Qc2 Qd8
21. Rac1 Qe7 22. Be4 Rc8 23. Nd2 Nb6 24. Nb3 Nd5 25. Nc5 Bxc5 26. Qxc5 Qxc5 27. Rxc5 Ra8 28. Rdc1 Ra6 29. h3 Kf8 30. Bxd5 exd5
31. f4 Ke7 32. f5 Kd7 33. g4 Rb6 34. Rxa5 Rxb2 35. Rf1 Kc7 36. Re1 Kb6 37. e6
1-0

[Event "Queen Gambit (1600 - 2100)"]
[Site "SchemingMind.com"]
[Date "2008.01.02"]
[Round "-"]
[White "javilez"]
[Black "imhotep"]
[Result "0-1"]
[WhiteCountry "NCA"]
[BlackCountry "HUN"]
[WhiteElo "1569"]
[WhiteRD "68"]
[BlackElo "1805"]
[BlackRD "80"]
[GameID "135992"]

1. d4 d5 2. c4 dxc4 3. e3 Nf6 4. Nc3 c5 5. Bxc4 e6 6. Nf3 Be7 7. O-O a6 8. a4 O-O 9. Qc2 Nc6 10. Rd1 cxd4
11. Nxd4 Qc7 12. Nce2 Bd7 13. Bd2 Ne5 14. Bd3 Rac8 15. Qxc7 Rxc7 16. Rdc1 Rfc8 17. Bc2 Nd5 18. b3 Bb4 19. Be1 Bxe1 20. Rxe1 Rxc2
21. Nxc2 Rxc2 22. Nd4 Rc8 23. Rac1 f5 24. Rxc8+ Bxc8 25. Rc1 Bd7
0-1

[Event "Queen Gambit (1600 - 2100)"]
[Site "SchemingMind.com"]
[Date "2008.01.02"]
[Round "-"]
[White "baobab"]
[Black "imhotep"]
[Result "0-1"]
[WhiteCountry "ITA"]
[BlackCountry "HUN"]
[WhiteElo "1684"]
[WhiteRD "73"]
[BlackElo "1849"]
[BlackRD "85"]
[GameID "135993"]

1. d4 d5 2. c4 c6 3. Nf3 Nf6 4. Bg5 Ne4 5. Nc3 Nxg5 6. Nxg5 e5 7. h4 h6 8. Nh3 Bb4 9. Qc2 exd4 10. a3 Bxc3+
11. bxc3 Qa5 12. cxd5 Bf5 13. e4 Bh7 14. Bd3 cxd5 15. O-O dxc3 16. Rfe1 O-O 17. exd5 Bxd3 18. Qxd3 Nd7 19. Re7 Nf6 20. d6 Rad8
21. Nf4 Qc5 22. Ne6 fxe6 23. Qg6 Nh5 24. Qxe6+ Kh8 25. Qe3 Qxe3 26. fxe3 Rxd6 27. Rc7 Rd2 28. Rxc3 Rff2 29. Rc8+ Kh7 30. Rcc1 Rxg2+
31. Kf1 Ng3+
0-1

[Event "Queen Gambit (1600 - 2100)"]
[Site "SchemingMind.com"]
[Date "2008.01.02"]
[Round "-"]
[White "schakert"]
[Black "imhotep"]
[Result "0-1"]
[WhiteCountry "NED"]
[BlackCountry "HUN"]
[WhiteElo "1880"]
[WhiteRD "72"]
[BlackElo "1849"]
[BlackRD "85"]
[GameID "135994"]

1. d4 d5 2. c4 c6 3. Nf3 Nf6 4. cxd5 cxd5 5. Bf4 Nc6 6. e3 Bf5 7. a3 e6 8. Bb5 Nd7 9. Bxc6 bxc6 10. O-O Be7
11. Nc3 O-O 12. b4 a5 13. b5 c5 14. dxc5 Nxc5 15. Nd4 Bd3 16. Nc6 Qe8 17. Re1 Bc4 18. Nxe7+ Qxe7 19. a4 f6 20. Qd4 Nb3
21. Qb6 e5 22. Bg3 Nxa1 23. Rxa1 Rfb8
0-1

[Event "Queen Gambit (1600 - 2100)"]
[Site "SchemingMind.com"]
[Date "2008.01.03"]
[Round "-"]
[White "Manuel Angel"]
[Black "imhotep"]
[Result "1-0"]
[WhiteCountry "ESP"]
[BlackCountry "HUN"]
[WhiteElo "1860"]
[WhiteRD "77"]
[BlackElo "1821"]
[BlackRD "82"]
[GameID "135995"]

1. d4 d5 2. c4 dxc4 3. Nf3 Nf6 4. a4 a5 5. e3 Be6 6. Nc3 Na6 7. Ne5 g6 8. Bxc4 Bxc4 9. Nxc4 Nb4 10. O-O Bg7
11. Qb3 b6 12. Rd1 O-O 13. e4 e6 14. Bg5 h6 15. Bh4 g5 16. Bg3 Qc8 17. Rac1 Qb7 18. Nb5 Nxe4 19. Bxc7 Nd5 20. Ne3 Nef6
21. h3 Qa6 22. Nc4 Rfc8 23. Be5 Ne8 24. Qf3 f5 25. b3 Bxe5 26. dxe5 Rc5 27. Ncd6 Rxc1 28. Rxc1 Rd8 29. Qh5 Nxd6 30. Qg6+
1-0

[Event "Queen Gambit (1600 - 2100)"]
[Site "SchemingMind.com"]
[Date "2008.01.03"]
[Round "-"]
[White "andy146"]
[Black "imhotep"]
[Result "0-1"]
[WhiteCountry "POL"]
[BlackCountry "HUN"]
[WhiteElo "1720"]
[WhiteRD "81"]
[BlackElo "1821"]
[BlackRD "82"]
[GameID "135996"]

1. d4 d5 2. c4 dxc4 3. e4 e5 4. d5 c6 5. Bxc4 Nf6 6. Nc3 Bb4 7. Bg5 O-O 8. Ne2 h6 9. Bh4 g5 10. Bg3 Nxe4
11. Qc2 Bf5 12. Qb3 cxd5 13. Bxd5 Qa5 14. Bxe4 Bxe4 15. O-O Bd3 16. Rfd1 e4 17. Nc1 Bxc3 18. bxc3 Qa6 19. Nxd3 exd3 20. c4 Nc6
21. Rxd3 Rad8 22. Rad1 Rxd3 23. Rxd3 Qa5 24. h4 Qe1+ 25. Kh2 gxh4 26. Bxh4 Ne5 27. Rg3+ Kh7 28. Qxb7 Ng6 29. Re3 Qd2 30. Be7 Rg8
31. Bb4 Qxf2 32. Rf3 Qh4+ 33. Kg1 Qd4+ 34. Kh1 Qh4+ 35. Rh3 Qf2 36. Qf3 Qxf3 37. Rxf3 Ne5 38. Rc3 Rc8 39. c5 Nc6 40. Ba3 Rd8
41. Rf3 Kg6 42. Bb2 Nd4 43. Bxd4 Rxd4 44. Rc3 Rd7 45. g4 h5 46. gxh5+ Kxh5 47. Kg1 Kg5 48. Kf2 Kf5 49. Rc4 Rc7 50. Ke3 Ke5
51. Kd3 Kd5 52. Rd4+ Kxc5 53. Rc4+ Kb6
0-1

[Event "Queen Gambit (1600 - 2100)"]
[Site "SchemingMind.com"]
[Date "2008.01.02"]
[Round "-"]
[White "TRFz"]
[Black "imhotep"]
[Result "1/2-1/2"]
[WhiteCountry "GBR"]
[BlackCountry "HUN"]
[WhiteElo "2049"]
[WhiteRD "54"]
[BlackElo "1842"]
[BlackRD "82"]
[GameID "135997"]

1. d4 d5 2. c4 c6 3. Nc3 Nf6 4. Nf3 g6 5. cxd5 cxd5 6. Bf4 Bg7 7. e3 O-O 8. Be2 Nc6 9. O-O a6 10. a4 Qb6
11. Ra3 Bf5 12. Qb3 Qxb3 13. Rxb3 Na5 14. Rb6 Nd7 15. Rb4 Ra7 16. Nxd5 Nc6 17. Rc4 Be6 18. Rxc6 bxc6 19. Nxe7+ Kh8 20. Nxc6 Rb7
21. b4 Bd5 22. Bxa6 Rb6 23. b5 Rxa6 24. bxa6 Bxc6 25. Rc1 Bxa4 26. a7 Nb6 27. Rb1 Nd7 28. d5 Ra8 29. Rb8+ Nxb8 30. axb8=Q+ Rxb8
31. Bxb8 Kg8 32. e4 Kf8 33. Be5 f6 34. Bd6+ Ke8 35. Nd4 Kd7 36. Bc5 f5 37. Ne6 Bc3 38. Nf8+ Ke8 39. Nxh7 fxe4 40. Ng5 Bc2
41. f3 exf3 42. gxf3 Bb3 43. Ne4 Be5 44. d6 Kd7 45. Kg2 Bd5 46. h4 Be6 47. Kf2 Bf5 48. Ke3 Bxe4 49. fxe4 Bg3 50. Bb4 Bxh4
51. e5 Ke6 52. Bc3 Bg3= 53. Kf3 Bh2 54. Kg4 Bg1 55. Kg5 Bc5 56. d7 Kxd7 57. Kf6 Ke8 58. Kxg6 Bg1=
1/2-1/2

[Event "Queen Gambit (1600 - 2100)"]
[Site "SchemingMind.com"]
[Date "2008.01.03"]
[Round "-"]
[White "Archon"]
[Black "imhotep"]
[Result "1-0"]
[WhiteCountry "CAN"]
[BlackCountry "HUN"]
[WhiteElo "1790"]
[WhiteRD "54"]
[BlackElo "1822"]
[BlackRD "82"]
[GameID "136097"]

1. d4 d5 2. c4 dxc4 3. Nf3 Nf6 4. Nc3 c6 5. a4 Be6 6. e4 h6 7. Be2 a5 8. h3 Na6 9. Be3 Nc7 10. O-O g6
11. Qd2 Bg7 12. Rfd1 b5 13. b3 b4 14. Bxc4 bxc3 15. Qxc3 O-O 16. Bxe6 Nxe6 17. Qd3 Nxe4 18. Qxe4 Qd5 19. Qxd5 cxd5 20. Rdb1 Rfb8
21. Ra2 Rb7 22. Rab2 Rab8 23. Kf1 f5 24. g3 g5 25. Ne5 Bxe5 26. dxe5 d4 27. Bd2 Nc5 28. Bxa5 Rxb3 29. Rxb3 Rxb3 30. Rxb3 Nxb3
31. Bb4 d3 32. a5 Nd4 33. a6
1-0

[Event "Queen Gambit (1600 - 2100)"]
[Site "SchemingMind.com"]
[Date "2008.01.06"]
[Round "-"]
[White "Archon"]
[Black "kisei"]
[Result "0-1"]
[WhiteCountry "CAN"]
[BlackCountry "HUN"]
[WhiteElo "1776"]
[WhiteRD "57"]
[BlackElo "2115"]
[BlackRD "70"]
[GameID "136098"]

1. d4 d5 2. c4 e6 3. Nc3 Nf6 4. cxd5 exd5 5. Bg5 Be7 6. e3 O-O 7. Bd3 c5 8. dxc5 Bxc5 9. Nf3 d4 10. exd4 Re8+
11. Kf1 Bd6 12. h4 h6 13. Qd2 hxg5 14. hxg5 Ng4 15. g6 fxg6 16. Bxg6 Re6 17. Qd3 Nd7 18. Qf5 Ndf6 19. Bh7+ Kf8 20. Qg6 Qb6
21. Bg8 Kxg8 22. Ng5 Re7 23. Re1 Qxb2 24. Nce4 b6 25. Nxf6+ Nxf6
0-1

[Event "Queen Gambit (1600 - 2100)"]
[Site "SchemingMind.com"]
[Date "2008.01.04"]
[Round "-"]
[White "Archon"]
[Black "javilez"]
[Result "1-0"]
[WhiteCountry "CAN"]
[BlackCountry "NCA"]
[WhiteElo "1813"]
[WhiteRD "58"]
[BlackElo "1569"]
[BlackRD "68"]
[GameID "136099"]

1. d4 d5 2. c4 c6 3. Nc3 e6 4. Nf3 Nf6 5. e3 dxc4 6. Bxc4 b5 7. Bd3 a6 8. O-O Bb7 9. e4 Be7 10. Bg5 Nbd7
11. a3 O-O 12. Qc2 h6 13. Bh4 Rc8 14. b4 Ne8 15. Bxe7 Qxe7 16. Rac1 Nb6 17. Rfd1 Nd6 18. Qb1 Ndc4 19. Qa1 Rfd8 20. Be2 a5
21. e5 axb4 22. axb4 Qxb4 23. Qb1 Qxb1 24. Rxb1 Ra8 25. Ne4 Ra7 26. Nc5 Rda8 27. Nd2 Nxd2 28. Rxd2 Bc8 29. g3 Ra1 30. Rxa1 Rxa1+
31. Kg2 Nd5 32. Kf3 Ra3+ 33. Rd3 Rxd3+ 34. Bxd3 f6 35. Ke2 Kf7 36. f4 Ke7 37. Kd2
1-0

[Event "Queen Gambit (1600 - 2100)"]
[Site "SchemingMind.com"]
[Date "2008.01.04"]
[Round "-"]
[White "Archon"]
[Black "baobab"]
[Result "1-0"]
[WhiteCountry "CAN"]
[BlackCountry "ITA"]
[WhiteElo "1790"]
[WhiteRD "54"]
[BlackElo "1655"]
[BlackRD "76"]
[GameID "136100"]

1. d4 d5 2. c4 dxc4 3. Nf3 Nf6 4. Nc3 e6 5. Bg5 Be7 6. e3 a6 7. Bxc4 O-O 8. O-O c5 9. Bxf6 Bxf6 10. Ne2 cxd4
11. Nexd4 e5 12. Nb3 Qb6 13. Qc2 Nc6 14. e4 Bg4 15. Be2 Rac8 16. Rac1 Nb4 17. Qb1 Bxf3 18. Bxf3 Bg5 19. Rxc8 Rxc8 20. Na1 Qa5
21. a3 Nd3 22. Qxd3 h6 23. Nb3 Qa4 24. Bd1 Qe8 25. Na5 b6 26. Nc4 b5 27. Ne3 Rd8 28. Qe2 Qc6 29. Bb3 Qxe4 30. Ba2 Bf4
31. Bb1 Qb7 32. Nf5 Rd2 33. Qg4 g6 34. Ba2 Kh7 35. Nh4 Bg5 36. Nf3 Rxb2 37. Bb1 Bf4 38. g3 Rb3 39. Nh4 Bg5 40. Ng2 b4
41. a4 Rb2 42. h4 Be7 43. h5 Bg5 44. hxg6+ fxg6 45. Nh4
1-0

[Event "Queen Gambit (1600 - 2100)"]
[Site "SchemingMind.com"]
[Date "2008.01.03"]
[Round "-"]
[White "Archon"]
[Black "schakert"]
[Result "0-1"]
[WhiteCountry "CAN"]
[BlackCountry "NED"]
[WhiteElo "1763"]
[WhiteRD "53"]
[BlackElo "1880"]
[BlackRD "72"]
[GameID "136101"]

1. d4 d5 2. c4 e6 3. Nc3 Nf6 4. Bg5 Bb4 5. e3 O-O 6. a3 Bxc3+ 7. bxc3 c6 8. Nf3 Nbd7 9. Bd3 dxc4 10. Bxc4 Qa5
11. Qc2 Nd5 12. Bxd5 exd5 13. O-O Re8 14. Bf4 Nf6 15. h3 Qd8 16. Ne5 Nh5 17. Bh2 f6 18. Nf3 f5 19. Ne5 Nf6 20. c4 dxc4
21. Qxc4+ Be6 22. Qc2 Qd5 23. Rfb1 Re7 24. Rb2 Qa5 25. Rab1 Ne4 26. a4 Nc3 27. Rxb7 Nxb1 28. Rxb1 Rb7 29. Bg3 Rxb1+ 30. Qxb1 Qxa4
31. Qb7 Rc8 32. Qe7 Bd5 33. Kh2 Qa6 34. Qd7 Rf8 35. Bh4 Qb6 36. Be7 Rb8 37. Bc5 Qb7 38. Qxf5 Re8 39. Qg4 a5 40. Qg3 Qc7
41. f4 Rb8 42. Qg4 Qc8 43. Qg5 Rb2
0-1

[Event "Queen Gambit (1600 - 2100)"]
[Site "SchemingMind.com"]
[Date "2008.01.04"]
[Round "-"]
[White "Archon"]
[Black "Manuel Angel"]
[Result "0-1"]
[WhiteCountry "CAN"]
[BlackCountry "ESP"]
[WhiteElo "1776"]
[WhiteRD "57"]
[BlackElo "1860"]
[BlackRD "77"]
[GameID "136102"]

1. d4 d5 2. c4 c6 3. Nc3 Nf6 4. e3 e6 5. Nf3 Nbd7 6. Qc2 Be7 7. b3 O-O 8. Bb2 b6 9. Bd3 h6 10. O-O Bb7
11. Rac1 dxc4 12. bxc4 c5 13. Ne4 Qc7 14. Nxf6+ Bxf6 15. Be2 Rac8 16. Rfd1 cxd4 17. exd4 Rfd8 18. Qb1 Qf4 19. Qa1 Qe4 20. Re1 Qg6
21. Bd1 Be4 22. Be2 Nb8 23. Red1 Nc6 24. g3 Na5 25. Nd2 Bc2 26. Re1 Bd3 27. Bxd3 Qxd3 28. Red1 Bxd4 29. Bxd4 Qxd4 30. Nb3 Qxa1
31. Nxa1 Rxd1+ 32. Rxd1 Rxc4 33. Nb3 Nc6 34. Rd7 Ra4 35. Rc7 Nb4 36. Nd4 Nd5 37. Nc6 Nxc7
0-1

[Event "Queen Gambit (1600 - 2100)"]
[Site "SchemingMind.com"]
[Date "2008.01.03"]
[Round "-"]
[White "Archon"]
[Black "andy146"]
[Result "0-1"]
[WhiteCountry "CAN"]
[BlackCountry "POL"]
[WhiteElo "1790"]
[WhiteRD "54"]
[BlackElo "1805"]
[BlackRD "79"]
[GameID "136103"]

1. d4 d5 2. c4 c6 3. Nc3 Nf6 4. e3 Nbd7 5. cxd5 Nxd5 6. Nf3 Nxc3 7. bxc3 Nf6 8. c4 e6 9. Bd3 b6 10. a4 Bb7
11. Ba3 Bxa3 12. Rxa3 O-O 13. O-O Qc7 14. c5 bxc5 15. dxc5 Rfd8 16. Qc2 Rd7 17. Rd1 Rad8 18. Be2 Rxd1+ 19. Bxd1 Ba6 20. Ra1 Rd5
21. Nd4 Nd7 22. Nb3 Nxc5 23. Nxc5 Qa5 24. Nxa6 Qe1#
0-1

[Event "Queen Gambit (1600 - 2100)"]
[Site "SchemingMind.com"]
[Date "2008.01.03"]
[Round "-"]
[White "Archon"]
[Black "TRFz"]
[Result "0-1"]
[WhiteCountry "CAN"]
[BlackCountry "GBR"]
[WhiteElo "1790"]
[WhiteRD "54"]
[BlackElo "2068"]
[BlackRD "62"]
[GameID "136104"]

1. d4 d5 2. c4 c6 3. Nc3 Nf6 4. Nf3 dxc4 5. e4 b5 6. a3 Bg4 7. Be2 e6 8. Be3 Nbd7 9. O-O Be7 10. h3 Bh5
11. b3 cxb3 12. Qxb3 O-O 13. Qc2 Rc8 14. Rfc1 a6 15. Ne5 Bxe2 16. Qxe2 Nxe5 17. dxe5 Nd7 18. Bf4 Bg5 19. Qe3 Bxf4 20. Qxf4 Qc7
21. Rd1 Nxe5 22. Qg3 Rcd8 23. f4 Nc4 24. Re1 c5 25. e5 Rd4 26. Ne4 Qc6 27. Ng5 h6 28. Nf3 Rd3 29. a4 b4 30. Rac1 Nd2
31. Rf1 Nxf1 32. Rxf1 Qxa4
0-1